[Event "4NCL Division Three Bishops"]
[Site "Telford, ENG"]
[Date "2024.01.06"]
[Round "3.31"]
[White "Paterson, Andrew I"]
[Black "Maton, Emily"]
[Result "1-0"]
[WhiteElo "2118"]
[BlackElo "1725"]
[PlyCount "63"]
[EventDate "2024.01.06"]
[WhiteTeam "Warwickshire Select 2"]
[BlackTeam "She Plays To Win Lionesses"]

1. c4 c5 2. g3 Nf6 3. Bg2 Nc6 4. Nc3 e6 5. e4 Be7 6. Nge2 e5 7. O-O d6 8. d3
O-O 9. Rb1 Ne8 10. Nd5 f5 11. a3 a5 12. Nec3 Nf6 13. f4 Nxd5 14. Nxd5 Be6 15.
fxe5 Nxe5 16. Nf4 Bc8 17. exf5 Rxf5 18. Bd5+ Kh8 19. Be4 Rf6 20. Qe2 Bg4 21.
Qg2 Rb8 22. Bd2 Bf5 23. Nd5 Bxe4 24. Qxe4 Rxf1+ 25. Rxf1 Bg5 26. Bc3 Qe8 27.
Bxa5 Bd8 28. Bc3 Kg8 29. Rf5 g6 30. Rf6 Be7 31. Re6 Qf7 32. Rxe7 1-0

[Event "4NCL Division Three Bishops"]
[Site "Telford, ENG"]
[Date "2024.01.06"]
[Round "3.32"]
[White "Latypova, Olga L"]
[Black "Fellowes, Billy"]
[Result "0-1"]
[WhiteElo "1775"]
[BlackElo "2084"]
[PlyCount "70"]
[EventDate "2024.01.06"]
[WhiteTeam "She Plays To Win Lionesses"]
[BlackTeam "Warwickshire Select 2"]

1. e4 Nc6 2. d4 d5 3. e5 Bf5 4. Nf3 f6 5. c3 e6 6. Bb5 Nge7 7. Nbd2 a6 8. Be2
fxe5 9. Nxe5 Nxe5 10. dxe5 Nc6 11. Nf3 Be7 12. O-O O-O 13. Re1 Bc5 14. Bg5 Qe8
15. Bh4 b5 16. Bg3 b4 17. Qd2 bxc3 18. bxc3 Qe7 19. Rf1 h6 20. Bd3 Na5 21. Bxf5
Rxf5 22. Nh4 Rf7 23. Qd3 Nc4 24. Ng6 Qg5 25. h4 Qg4 26. Rab1 Rf5 27. h5 Rxh5
28. Nf4 Rxe5 29. Rfd1 Rg5 30. Bh2 Rf8 31. Qf1 Rxf4 32. Bxf4 Qxf4 33. Rb8+ Kh7
34. Qd3+ Rg6 35. Qf1 Ne3 0-1

[Event "4NCL Division Three Bishops"]
[Site "Telford, ENG"]
[Date "2024.01.06"]
[Round "3.33"]
[White "Pal, Rohan"]
[Black "Rida, Ruqayyah"]
[Result "0-1"]
[WhiteElo "2088"]
[BlackElo "1743"]
[PlyCount "80"]
[EventDate "2024.01.06"]
[WhiteTeam "Warwickshire Select 2"]
[BlackTeam "She Plays To Win Lionesses"]

1. e4 e5 2. Bc4 Nc6 3. Nc3 Nf6 4. d3 Bc5 5. f4 d6 6. Nf3 a6 7. f5 Na5 8. Bg5 c6
9. Bb3 b5 10. Qe2 Nxb3 11. axb3 Bb7 12. Nd1 Bb6 13. Ne3 Qc7 14. O-O-O O-O-O 15.
Kb1 Rde8 16. g4 Nd7 17. Bh4 a5 18. Bg3 Nc5 19. g5 f6 20. h4 Qe7 21. Ng4 Nd7 22.
Rhe1 Nc5 23. Qd2 Rd8 24. h5 Qf7 25. Qh2 d5 26. gxf6 gxf6 27. exd5 Qxd5 28. Nd2
Rdf8 29. Ne4 Nxe4 30. dxe4 Qf7 31. Rd6 Qg7 32. Nxf6 Bc7 33. h6 Qg5 34. Re6 Rxf6
35. Bxe5 Rxe6 36. Rg1 Bxe5 37. Rxg5 Bxh2 38. fxe6 Bf4 39. Rg7 Bxh6 40. Rf7 Re8
0-1

[Event "4NCL Division Three Bishops"]
[Site "Telford, ENG"]
[Date "2024.01.06"]
[Round "3.34"]
[White "Vyas, Alisha"]
[Black "Cooper, David M"]
[Result "1/2-1/2"]
[WhiteElo "1751"]
[BlackElo "2001"]
[PlyCount "46"]
[EventDate "2024.01.06"]
[WhiteTeam "She Plays To Win Lionesses"]
[BlackTeam "Warwickshire Select 2"]

1. e4 e6 2. d4 d5 3. Nd2 c5 4. c3 Nc6 5. Ngf3 Nf6 6. e5 Nd7 7. Nb3 a5 8. a4 Qb6
9. dxc5 Nxc5 10. Bb5 Nxb3 11. Qxb3 Bd7 12. Be3 Bc5 13. Bxc5 Qxc5 14. O-O O-O
15. Qc2 Qe7 16. Bd3 h6 17. Qe2 Rac8 18. Bc2 Rc7 19. Qd3 g6 20. Qe3 Kg7 21. Bd3
Rfc8 22. h3 f6 23. exf6+ Qxf6 1/2-1/2

[Event "4NCL Division Three Bishops"]
[Site "Telford, ENG"]
[Date "2024.01.06"]
[Round "3.35"]
[White "Vaidyanathan, Adithya"]
[Black "Ashton, Alannah"]
[Result "1-0"]
[WhiteElo "2041"]
[BlackElo "1714"]
[PlyCount "125"]
[EventDate "2024.01.06"]
[WhiteTeam "Warwickshire Select 2"]
[BlackTeam "She Plays To Win Lionesses"]

1. Nf3 d5 2. d4 e6 3. c4 c5 4. cxd5 exd5 5. dxc5 Bxc5 6. Bg5 Nf6 7. e3 O-O 8.
Nc3 Be6 9. Be2 Nc6 10. O-O Bb6 11. Nb5 h6 12. Bh4 Qe7 13. Nbd4 Nxd4 14. Nxd4
Rfd8 15. Qd3 Rac8 16. Rac1 Bc7 17. Bg3 Bxg3 18. hxg3 Nd7 19. Qb1 Ne5 20. Rxc8
Rxc8 21. Rc1 Nc6 22. Nxc6 bxc6 23. Ba6 Rc7 24. b4 d4 25. exd4 Qd6 26. Rd1 Bg4
27. f3 Bd7 28. Bc4 Qxg3 29. Re1 Qd6 30. Re4 Rb7 31. a3 a5 32. Qa2 Bf5 33. Re8+
Kh7 34. d5 cxd5 35. Bxd5 Rc7 36. Be4 Rc1+ 37. Kf2 Qd4+ 38. Kg3 Qd6+ 39. Kf2
Qb6+ 40. Kg3 Qc7+ 41. f4 Rc3+ 42. Bf3 Rc4 43. Re5 Bg6 44. Qd2 axb4 45. axb4 Rc2
46. Qd4 Rc4 47. Qd2 Rc2 48. Qe3 Rc3 49. Rc5 Rxe3 50. Rxc7 Rb3 51. Rb7 f6 52.
Kf2 Bd3 53. Bc6 f5 54. b5 Be4 55. g4 Bxc6 56. bxc6 Rc3 57. c7 fxg4 58. f5 h5
59. f6 h4 60. f7 g3+ 61. Kf1 h3 62. Rb1 Rc2 63. f8=Q 1-0

[Event "4NCL Division Three Bishops"]
[Site "Telford, ENG"]
[Date "2024.01.06"]
[Round "3.36"]
[White "Tree, Djuna"]
[Black "Shivakumar, Akshath"]
[Result "0-1"]
[WhiteElo "1397"]
[BlackElo "1796"]
[PlyCount "78"]
[EventDate "2024.01.06"]
[WhiteTeam "She Plays To Win Lionesses"]
[BlackTeam "Warwickshire Select 2"]

1. e4 e6 2. c4 d5 3. exd5 exd5 4. d4 Nf6 5. Nc3 Be7 6. Bd3 Bg4 7. Nge2 O-O 8.
O-O Nc6 9. f3 Bh5 10. a3 a6 11. Be3 Bg6 12. Bxg6 hxg6 13. Qd3 Re8 14. Nf4 dxc4
15. Qxc4 Bxa3 16. bxa3 Rxe3 17. Kf2 Re8 18. Rad1 g5 19. Ng6 Qd6 20. Kg1 b5 21.
Qa2 Nxd4 22. Ne4 Nxe4 23. fxe4 Qxg6 24. Rxd4 Qe6 25. Qd2 c5 26. Rd7 Re7 27.
Rd8+ Rxd8 28. Qxd8+ Kh7 29. Qd3 Qxe4 30. Qh3+ Kg6 31. Qc8 Qe6 32. Qd8 c4 33.
Rd1 Qe3+ 34. Kf1 Re6 35. g3 Rf6+ 36. Kg2 Qe2+ 37. Kh3 g4+ 38. Kh4 Qxh2+ 39.
Kxg4 Qh5# 0-1

[Event "4NCL Division Three Bishops"]
[Site "Telford, ENG"]
[Date "2024.01.06"]
[Round "3.41"]
[White "Ogunshola, Ben"]
[Black "Gayson, Peter M"]
[Result "1/2-1/2"]
[WhiteElo "2027"]
[BlackElo "2131"]
[PlyCount "210"]
[EventDate "2024.01.06"]
[WhiteTeam "Brown Jack"]
[BlackTeam "Chessable White Rose 3"]

1. c4 e5 2. Nc3 d6 3. g3 f5 4. Bg2 Nf6 5. e4 Nc6 6. Nge2 Be7 7. d4 exd4 8. Nxd4
Nxd4 9. Qxd4 fxe4 10. O-O O-O 11. Nxe4 Kh8 12. Bd2 Bf5 13. Bc3 Qd7 14. Rae1 b6
15. Re2 Rae8 16. Rfe1 h6 17. Qd2 Ng8 18. Re3 Bxe4 19. Bxe4 Bg5 20. f4 Bf6 21.
Bg6 Rxe3 22. Rxe3 Qg4 23. Bc2 Bxc3 24. Qxc3 Nf6 25. Qe1 Qh5 26. b4 a5 27. a3
axb4 28. axb4 Ra8 29. Bd1 Qf7 30. Bf3 Ra2 31. Bd5 Qh5 32. Bg2 Qf5 33. Re8+ Kh7
34. Be4 Nxe4 35. Qxe4 Qxe4 36. Rxe4 Rc2 37. g4 Kg6 38. b5 Kf6 39. h3 g6 40. Kf1
Rh2 41. Re3 Rc2 42. Re4 Rh2 43. Re3 Rd2 44. Re4 Rc2 45. Kg1 Rb2 46. Kf1 Rb4 47.
Rd4 d5 48. Rxd5 Rxc4 49. f5 Rf4+ 50. Ke2 gxf5 51. Rd7 fxg4 52. hxg4 Rc4 53. Kf3
Rc5 54. Kf4 Kg6 55. Re7 Rc4+ 56. Kf3 h5 57. gxh5+ Kxh5 58. Re1 Kg5 59. Ke3 Kf5
60. Kd3 Rc5 61. Rb1 Ke5 62. Rb4 Kd5 63. Rd4+ Ke6 64. Rb4 Rc1 65. Kd2 Rh1 66.
Rg4 Rh5 67. Rb4 Kd6 68. Rb1 Rh3 69. Rg1 Rh5 70. Rb1 Rc5 71. Ke3 Kd5 72. Kd3 Rc4
73. Rb2 Kc5 74. Rb1 Rd4+ 75. Kc3 Rh4 76. Kd3 Rh3+ 77. Kd2 Kd4 78. Rb4+ Kd5 79.
Rb1 Rh4 80. Kd3 Rd4+ 81. Kc3 Kc5 82. Rb2 Ra4 83. Rb1 Ra3+ 84. Kd2 Ra2+ 85. Kd3
Ra3+ 86. Kd2 Ra5 87. Rc1+ Kd6 88. Rb1 Ra3 89. Kc2 Rf3 90. Kb2 Rf5 91. Ka3 Rc5
92. Kb4 Rc2 93. Rd1+ Ke5 94. Rd7 Ke6 95. Rd1 Re2 96. Rd4 Re5 97. Rh4 Kd5 98.
Rh7 Re4+ 99. Kb3 Kc5 100. Rxc7+ Kxb5 101. Rc3 Ka5 102. Rh3 b5 103. Rg3 Rh4 104.
Rf3 Rh1 105. Rg3 Rb1+ 1/2-1/2

[Event "4NCL Division Three Bishops"]
[Site "Telford, ENG"]
[Date "2024.01.06"]
[Round "3.42"]
[White "Shaw, Peter"]
[Black "Gordon, Sean"]
[Result "1/2-1/2"]
[WhiteElo "2051"]
[BlackElo "1968"]
[PlyCount "173"]
[EventDate "2024.01.06"]
[WhiteTeam "Chessable White Rose 3"]
[BlackTeam "Brown Jack"]

1. d4 d5 2. c4 c6 3. Nf3 Nf6 4. e3 Bg4 5. h3 Bxf3 6. Qxf3 e6 7. Bd3 Nbd7 8. Nc3
Bb4 9. Bd2 O-O 10. a3 Bxc3 11. Bxc3 Re8 12. Qg3 dxc4 13. Bxc4 Ne4 14. Qf3 Ndf6
15. O-O Nxc3 16. bxc3 Qa5 17. e4 e5 18. Rfe1 Rad8 19. Rad1 exd4 20. cxd4 Rxd4
21. Qb3 Re7 22. Rxd4 Qxe1+ 23. Kh2 Qa5 24. g3 g6 25. Qd3 Qe1 26. Qf3 Nxe4 27.
Kg2 Kg7 28. Qf4 Nf6 29. Bd3 Qe5 30. Qxe5 Rxe5 31. Rb4 Re7 32. a4 c5 33. Rb5 Rc7
34. a5 c4 35. Bc2 Ne8 36. Kf3 Kf6 37. Ke3 Nd6 38. Rd5 Ke6 39. Kd4 b5 40. axb6
axb6 41. Re5+ Kf6 42. Rd5 Nc8 43. f4 Rc6 44. Ba4 c3 45. Kd3 Rc5 46. Rxc5 bxc5
47. Kxc3 h6 48. Bc2 Nd6 49. Kd3 Nf5 50. g4 Nd4 51. Ba4 Ke6 52. Be8 Ke7 53. Ba4
f6 54. Ke4 Kd6 55. Be8 g5 56. fxg5 fxg5 57. Bf7 Ke7 58. Bc4 Kf6 59. Ba6 Ne6 60.
Bc4 Nf8 61. Bb5 Ng6 62. Bf1 Ne5 63. Kd5 c4 64. Kd4 Ke6 65. Be2 c3 66. Kxc3 Kd5
67. Kd2 Ke4 68. Ke1 Ke3 69. Kf1 Ng6 70. Bd1 Nf4 71. h4 gxh4 72. Kg1 Nd3 73. Kh2
Kf4 74. Kh3 Kg5 75. Bf3 Ne5 76. Be2 Ng6 77. Bf3 Nf4+ 78. Kh2 Nd3 79. Kh3 Ne5
80. Be2 Nc6 81. Ba6 Nb4 82. Bb7 Nd3 83. Bf3 Nb2 84. Be2 Na4 85. Bd1 Nc5 86. Be2
Nd7 87. Bd1 1/2-1/2

[Event "4NCL Division Three Bishops"]
[Site "Telford, ENG"]
[Date "2024.01.06"]
[Round "3.43"]
[White "Tomboline, David"]
[Black "Yu, Hongyi"]
[Result "1/2-1/2"]
[WhiteElo "1927"]
[BlackElo "2074"]
[PlyCount "111"]
[EventDate "2024.01.06"]
[WhiteTeam "Brown Jack"]
[BlackTeam "Chessable White Rose 3"]

1. c4 Nf6 2. Nc3 g6 3. e4 d6 4. d4 Bg7 5. h3 O-O 6. Be3 e5 7. d5 a5 8. g4 Na6
9. Nge2 Nc5 10. Ng3 c6 11. Qd2 cxd5 12. cxd5 Bd7 13. g5 Ne8 14. h4 f5 15. gxf6
Nxf6 16. Bg5 Qb6 17. Be2 Ng4 18. f3 Nf2 19. Rh2 Nh3 20. O-O-O a4 21. Kb1 Rfc8
22. Rc1 Nf4 23. Bd1 Nfd3 24. Rc2 Nb4 25. h5 Nxc2 26. Bxc2 a3 27. b3 Qc7 28.
Nce2 Bb5 29. hxg6 hxg6 30. f4 Bxe2 31. Nxe2 Qa5 32. Qd1 exf4 33. e5 f3 34. Bxg6
Bxe5 35. Bh7+ Kf8 36. Qf1 Rc7 37. Qxf3+ Rf7 38. Bh6+ Ke7 39. Bg5+ Bf6 40. Bg6
Qe1+ 41. Nc1 Qg1 42. Bxf6+ Kd7 43. Rg2 Qxg2 44. Bf5+ Kc7 45. Qxg2 Raf8 46. Bd4
Rxf5 47. b4 Na6 48. Qc2+ Kb8 49. Qd2 Nc7 50. Qh6 Nb5 51. Ne2 Rc8 52. Qh1 Rc4
53. Qh8+ Rc8 54. Qh1 Rc4 55. Qh8+ Rc8 56. Qh1 1/2-1/2

[Event "4NCL Division Three Bishops"]
[Site "Telford, ENG"]
[Date "2024.01.06"]
[Round "3.44"]
[White "Burnett, Jim"]
[Black "Conterno, Dominique"]
[Result "1/2-1/2"]
[WhiteElo "2125"]
[BlackElo "1842"]
[PlyCount "140"]
[EventDate "2024.01.06"]
[WhiteTeam "Chessable White Rose 3"]
[BlackTeam "Brown Jack"]

1. d4 Nf6 2. c4 g6 3. g3 Bg7 4. Bg2 O-O 5. Nc3 d6 6. Nf3 Nc6 7. O-O a6 8. Qd3
e5 9. dxe5 dxe5 10. Qxd8 Rxd8 11. Bg5 Re8 12. Rfd1 h6 13. Bxf6 Bxf6 14. Nd2 Be6
15. Nd5 Bxd5 16. Bxd5 Rab8 17. Ne4 Be7 18. Bxc6 bxc6 19. b3 Rbd8 20. e3 f5 21.
Nc3 e4 22. Rxd8 Rxd8 23. Rd1 Rxd1+ 24. Nxd1 Bf6 25. f3 exf3 26. Kf2 Kf7 27.
Kxf3 Ke6 28. Nf2 g5 29. g4 Be5 30. h3 Bd6 31. Nd3 a5 32. Nc1 Ba3 33. Ne2 Bb2
34. Ng3 fxg4+ 35. hxg4 Be5 36. Ne2 c5 37. Ke4 c6 38. Nc1 Bc7 39. Nd3 Bd6 40.
Kf3 Kf6 41. Nf2 Ke5 42. Ne4 Be7 43. Ng3 Bf8 44. Ke2 Bg7 45. Nh5 Bf8 46. Kf3 Be7
47. Ng7 Bf6 48. Nh5 Be7 49. Ke2 Bf8 50. Kd3 Be7 51. Ng3 Bf6 52. Ne4 Be7 53. Nd2
Bd6 54. Nf3+ Ke6 55. Ke4 Bg3 56. Ng1 Bh2 57. Ne2 Be5 58. Nc1 Bc7 59. Nd3 Bd6
60. Nb2 Be5 61. Na4 Bd6 62. Nc3 Be5 63. Ne2 Kf6 64. Kf3 Ke6 65. Nc1 Bc7 66. Ke4
Be5 67. Kf3 Bc7 68. Nd3 Bd6 69. Ke4 Kf6 70. Nf2 Bg3 1/2-1/2

[Event "4NCL Division Three Bishops"]
[Site "Telford, ENG"]
[Date "2024.01.06"]
[Round "3.45"]
[White "Jones, Mark A"]
[Black "Edwards-Wright, Miles D"]
[Result "1-0"]
[WhiteElo "1756"]
[BlackElo "2045"]
[PlyCount "146"]
[EventDate "2024.01.06"]
[WhiteTeam "Brown Jack"]
[BlackTeam "Chessable White Rose 3"]

1. e4 g6 2. d4 Bg7 3. Nf3 d6 4. Bd3 a6 5. c3 Nd7 6. O-O c5 7. Re1 Qc7 8. h3 e5
9. Be3 Ne7 10. dxe5 dxe5 11. a4 O-O 12. Nbd2 h6 13. Nc4 b6 14. Nfd2 Bb7 15. f3
Rfd8 16. Bf1 Bc6 17. Bf2 Nf8 18. a5 Nc8 19. axb6 Nxb6 20. Bxc5 Nxc4 21. Bxc4
Bb5 22. Bxf8 Bxf8 23. Bxb5 Qc5+ 24. Kh1 Qxb5 25. Qc2 Rab8 26. b3 a5 27. Reb1
Qe2 28. Ra2 Be7 29. Nc4 Qxc2 30. Rxc2 a4 31. Nxe5 Rxb3 32. Ra1 Bf6 33. Ng4 Bxc3
34. Rxa4 Rd1+ 35. Kh2 h5 36. Nf2 Be5+ 37. g3 Rd7 38. f4 Bg7 39. Kg2 Rdb7 40.
Ra8+ Kh7 41. Rac8 Bd4 42. e5 Rb8 43. Rxb8 Rxb8 44. Ne4 Rb2 45. Rxb2 Bxb2 46.
Kf3 Bd4 47. Ke2 Kg7 48. Kd3 Bg1 49. Ke2 Bd4 50. Kf3 Bb2 51. g4 hxg4+ 52. Kxg4
Bd4 53. Kg5 Be3 54. Nf6 Bc5 55. Nd5 Bf2 56. Ne7 Bd4 57. Nc6 Be3 58. Nd8 Bd4 59.
Nc6 Be3 60. Kg4 Bf2 61. f5 gxf5+ 62. Kxf5 Bh4 63. Nd4 Bf2 64. Nf3 Bc5 65. h4
Be7 66. h5 Kh6 67. Kg4 Bf8 68. Nd4 Bc5 69. Nf5+ Kh7 70. Kg5 Bb4 71. Kf6 Bc3 72.
Nd6 Bxe5+ 73. Kxe5 Kh6 1-0

[Event "4NCL Division Three Bishops"]
[Site "Telford, ENG"]
[Date "2024.01.06"]
[Round "3.46"]
[White "Wills, Tom"]
[Black "Fernando, Manel"]
[Result "1-0"]
[WhiteElo "1922"]
[BlackElo "1513"]
[PlyCount "61"]
[EventDate "2024.01.06"]
[WhiteTeam "Chessable White Rose 3"]
[BlackTeam "Brown Jack"]

1. e4 e5 2. Nf3 Nc6 3. Bc4 Be7 4. d4 exd4 5. Nxd4 Ne5 6. Bb3 d6 7. O-O Nf6 8.
Nc3 O-O 9. f4 Nc6 10. Nxc6 bxc6 11. Qf3 Be6 12. Be3 Qc8 13. h3 c5 14. e5 Nd7
15. Qg3 Bxb3 16. axb3 f5 17. Qf3 dxe5 18. fxe5 Kh8 19. Bf4 c6 20. Rfd1 Qb7 21.
Kh1 Rad8 22. Qe2 Nb8 23. Qc4 g5 24. Bh2 Rxd1+ 25. Rxd1 Nd7 26. e6 Nb6 27. Be5+
Kg8 28. Qe2 Nd5 29. Qh5 Qc8 30. Nxd5 cxd5 31. Qh6 1-0

[Event "4NCL Division Three Bishops"]
[Site "Telford, ENG"]
[Date "2024.01.06"]
[Round "3.51"]
[White "Geue, Niklas"]
[Black "Dickinson, Tim R"]
[Result "1/2-1/2"]
[WhiteElo "2175"]
[BlackElo "2044"]
[PlyCount "93"]
[EventDate "2024.01.06"]
[WhiteTeam "Greater Woodpushers"]
[BlackTeam "Oxford 2"]

1. d4 e6 2. c4 Bb4+ 3. Bd2 Qe7 4. e4 Nc6 5. Nf3 Bxd2+ 6. Qxd2 d6 7. Nc3 Nf6 8.
Be2 e5 9. d5 Nb8 10. h3 a5 11. O-O O-O 12. Ne1 Na6 13. Nd3 Nb4 14. a3 Nxd3 15.
Qxd3 Bd7 16. Rae1 Kh8 17. g4 Ng8 18. Qg3 g6 19. Bd3 f5 20. f3 fxg4 21. hxg4 Qg5
22. Rf2 Nf6 23. Rh2 Nh5 24. Qh4 Qxh4 25. Rxh4 Rxf3 26. Be2 Rf4 27. Rf1 Rxf1+
28. Bxf1 Nf4 29. g5 Rf8 30. Rh2 Kg7 31. b4 axb4 32. axb4 Ra8 33. Ra2 Rxa2 34.
Nxa2 h6 35. gxh6+ Kxh6 36. Nc3 Kg5 37. c5 Kf6 38. Bb5 Bxb5 39. Nxb5 Ke7 40.
Nxc7 Nd3 41. c6 bxc6 42. dxc6 Nxb4 43. Nd5+ Nxd5 44. exd5 g5 45. Kf2 Kd8 46.
Kf3 Kc7 47. Kf2 1/2-1/2

[Event "4NCL Division Three Bishops"]
[Site "Telford, ENG"]
[Date "2024.01.06"]
[Round "3.52"]
[White "Rudny, Tomasz"]
[Black "Norris, Ethan"]
[Result "0-1"]
[WhiteElo "1916"]
[BlackElo "2254"]
[PlyCount "108"]
[EventDate "2024.01.06"]
[WhiteTeam "Oxford 2"]
[BlackTeam "Greater Woodpushers"]

1. e4 c5 2. Nf3 d6 3. Bb5+ Bd7 4. Bxd7+ Qxd7 5. c4 Qg4 6. Nc3 Qxg2 7. Rg1 Qh3
8. Rg3 Qd7 9. d4 cxd4 10. Qxd4 Nc6 11. Qd2 g6 12. a3 Bg7 13. b4 Nf6 14. Bb2 O-O
15. O-O-O Qe6 16. Qe2 h6 17. Kb1 Rac8 18. Rc1 Nh5 19. Rgg1 Kh7 20. Nd5 Bxb2 21.
Kxb2 Nf6 22. Rge1 Rfe8 23. Nxf6+ Qxf6+ 24. e5 dxe5 25. Nxe5 Nxe5 26. Qxe5 Qxf2+
27. Rc2 Qh4 28. Re4 Qg5 29. Qxg5 hxg5 30. Rce2 Rc7 31. Kc3 Kg7 32. Re5 f5 33.
c5 Kf7 34. Rd5 Kf6 35. Kd4 Rh8 36. Rde5 Rh4+ 37. Kd3 Rh3+ 38. R5e3 Rxe3+ 39.
Kxe3 Rd7 40. b5 e5 41. c6 bxc6 42. bxc6 Rc7 43. Rc2 Ke6 44. a4 Kd5 45. h3 Rxc6
46. Rg2 Rc3+ 47. Kd2 Rxh3 48. Rxg5 Ra3 49. Rxg6 Rxa4 50. Rf6 Ke4 51. Rf7 f4 52.
Re7 Ra2+ 53. Ke1 f3 54. Rf7 Ke3 0-1

[Event "4NCL Division Three Bishops"]
[Site "Telford, ENG"]
[Date "2024.01.06"]
[Round "3.53"]
[White "Rawlinson, Aidan M"]
[Black "Wilson, Edgar"]
[Result "1-0"]
[WhiteElo "2195"]
[BlackElo "2008"]
[PlyCount "77"]
[EventDate "2024.01.06"]
[WhiteTeam "Greater Woodpushers"]
[BlackTeam "Oxford 2"]

1. d4 d5 2. c4 e6 3. Nf3 Nf6 4. g3 Be7 5. Bg2 O-O 6. O-O b6 7. cxd5 exd5 8. Nc3
Bb7 9. Bf4 Nbd7 10. Qc2 c5 11. Rfd1 Re8 12. Nb5 Nh5 13. Bd6 Nhf6 14. Bc7 Qc8
15. Bf4 Rd8 16. Rac1 a6 17. Nd6 Bxd6 18. Bxd6 c4 19. Ne5 Nxe5 20. dxe5 Nd7 21.
f4 b5 22. Bxd5 Bxd5 23. Rxd5 Nf8 24. Qe4 Qg4 25. Kg2 Ne6 26. h3 Qh5 27. Rcd1
Re8 28. Qf3 Qh6 29. e4 Rac8 30. h4 c3 31. bxc3 Rc4 32. Be7 f6 33. exf6 gxf6 34.
Qg4+ Kf7 35. Bb4 Rxb4 36. cxb4 Rc8 37. Rd7+ Kf8 38. Qxe6 Rc2+ 39. Kh3 1-0

[Event "4NCL Division Three Bishops"]
[Site "Telford, ENG"]
[Date "2024.01.06"]
[Round "3.54"]
[White "Wedge, David C"]
[Black "Ackley, Peter J E"]
[Result "1-0"]
[WhiteElo "1847"]
[BlackElo "2127"]
[PlyCount "151"]
[EventDate "2024.01.06"]
[WhiteTeam "Oxford 2"]
[BlackTeam "Greater Woodpushers"]

1. e4 d6 2. d4 g6 3. f4 Bg7 4. Nf3 Nf6 5. Nc3 c5 6. e5 Nfd7 7. exd6 cxd4 8. Nb5
exd6 9. Nxd6+ Ke7 10. Nxd4 Bxd4 11. Qxd4 Nc6 12. Nxc8+ Rxc8 13. Qe4+ Kf6 14.
Bd2 Kg7 15. O-O-O Re8 16. Bc3+ f6 17. Qf3 Qe7 18. g4 Kf8 19. Bc4 Nb6 20. Rhe1
Qc5 21. Bb3 Rxe1 22. Rxe1 Re8 23. Rxe8+ Kxe8 24. Qe4+ Kf8 25. Qe1 Qd6 26. Qf2
Nd7 27. g5 b5 28. a3 a5 29. Qh4 b4 30. axb4 axb4 31. Bxf6 Nxf6 32. gxf6 Nd8 33.
Qh6+ Ke8 34. f7+ Nxf7 35. Bxf7+ Kxf7 36. Qxh7+ Kf6 37. Qh4+ Kf7 38. Qh7+ Kf6
39. Qh4+ Kf7 40. Qg3 Qa6 41. Qb3+ Kf6 42. c4 Qb6 43. Qg3 Qc6 44. Qg5+ Kg7 45.
Qe7+ Kh6 46. Qg5+ Kg7 47. Qd5 Qb6 48. c5 Qb5 49. Qd4+ Kh7 50. Kc2 Qa4+ 51. Kd2
Qa5 52. Qc4 b3+ 53. Kd3 Qe1 54. c6 Qb1+ 55. Kc3 Qc2+ 56. Kb4 Qxb2 57. Qxb3 Qd2+
58. Kb5 Qxf4 59. Qh3+ Kg8 60. Qc8+ Kh7 61. Qd7+ Kg8 62. c7 Qf1+ 63. Kb6 Qf2+
64. Kc6 Qc2+ 65. Kb7 Qb2+ 66. Kc8 Kf8 67. Qd6+ Kf7 68. Qd5+ Ke7 69. Qe4+ Kd6
70. Qxg6+ Ke7 71. Qe4+ Kd6 72. Qf4+ Ke7 73. Qg5+ Kd6 74. Qh6+ Ke7 75. h4 Qb3
76. Qg7+ 1-0

[Event "4NCL Division Three Bishops"]
[Site "Telford, ENG"]
[Date "2024.01.06"]
[Round "3.55"]
[White "Zhu, Yaoyao"]
[Black "Terry, Sean"]
[Result "1-0"]
[WhiteElo "2067"]
[BlackElo "1868"]
[PlyCount "71"]
[EventDate "2024.01.06"]
[WhiteTeam "Greater Woodpushers"]
[BlackTeam "Oxford 2"]

1. e4 a6 2. d4 e6 3. Nf3 d5 4. e5 c5 5. c3 Nc6 6. Bd3 cxd4 7. cxd4 Be7 8. a3 g6
9. Nc3 Bd7 10. b4 Rc8 11. Na4 a5 12. b5 Na7 13. Rb1 b6 14. O-O Kf8 15. Ne1 h5
16. f3 Kg7 17. g4 f6 18. Ng2 Nh6 19. Nf4 f5 20. gxh5 g5 21. Ng6 Be8 22. Nxh8
Bxh5 23. Be2 Kxh8 24. f4 g4 25. Rb3 Bh4 26. Bd2 Qc7 27. Rc3 Qe7 28. Nxb6 Rg8
29. Be1 Nxb5 30. Bxb5 g3 31. Qxh5 gxh2+ 32. Kxh2 Qg7 33. Rc2 Bxe1 34. Qg5 Ng4+
35. Kg1 Qh7 36. Qxg8+ 1-0

[Event "4NCL Division Three Bishops"]
[Site "Telford, ENG"]
[Date "2024.01.06"]
[Round "3.56"]
[White "Curran, David P"]
[Black "McLean, Robert"]
[Result "0-1"]
[WhiteElo "1653"]
[BlackElo "2060"]
[PlyCount "70"]
[EventDate "2024.01.06"]
[WhiteTeam "Oxford 2"]
[BlackTeam "Greater Woodpushers"]

1. d4 Nf6 2. Nf3 d5 3. c4 e6 4. Nc3 Be7 5. g3 dxc4 6. Bg2 O-O 7. Qa4 a6 8. Qxc4
b5 9. Qb3 Bb7 10. O-O c5 11. dxc5 Bxc5 12. Bg5 Nbd7 13. Rad1 Qb6 14. Rd3 h6 15.
Bxf6 Nxf6 16. e3 Rfd8 17. Rfd1 Bc6 18. a3 Rxd3 19. Rxd3 Rc8 20. Qd1 Be7 21. Ne1
a5 22. Bxc6 Qxc6 23. a4 bxa4 24. Nxa4 Qc1 25. Kf1 Nd5 26. e4 Nf6 27. Qxc1 Rxc1
28. Rc3 Ra1 29. Rc4 Bb4 30. Nc3 Kf8 31. Ke2 Bxc3 32. bxc3 Ng4 33. Rd4 Ra2+ 34.
Rd2 Rxd2+ 35. Kxd2 Nxf2 0-1

[Event "4NCL Division Three Bishops"]
[Site "Telford, ENG"]
[Date "2024.01.06"]
[Round "3.61"]
[White "Sanitt, Leo"]
[Black "Madden, Paul"]
[Result "1/2-1/2"]
[WhiteElo "2106"]
[BlackElo "2107"]
[PlyCount "36"]
[EventDate "2024.01.06"]
[WhiteTeam "Barnet Knights B"]
[BlackTeam "Ashfield 1"]

1. e4 e6 2. d4 d5 3. Nd2 Nf6 4. e5 Nfd7 5. Bd3 c5 6. c3 Nc6 7. Ne2 cxd4 8. cxd4
f6 9. exf6 Nxf6 10. Nf3 Bd6 11. O-O O-O 12. Bf4 Ng4 13. Bxd6 Qxd6 14. Ng3 e5
15. dxe5 Ncxe5 16. Be4 Nf6 17. Nxe5 Qxe5 18. Bf3 Qxb2 1/2-1/2

[Event "4NCL Division Three Bishops"]
[Site "Telford, ENG"]
[Date "2024.01.06"]
[Round "3.62"]
[White "Mercs, Peter J"]
[Black "Sanitt, Ethan"]
[Result "1-0"]
[WhiteElo "2008"]
[BlackElo "2069"]
[PlyCount "84"]
[EventDate "2024.01.06"]
[WhiteTeam "Ashfield 1"]
[BlackTeam "Barnet Knights B"]

1. e4 e6 2. d4 d5 3. e5 c5 4. c3 Nc6 5. Nf3 Qb6 6. a3 c4 7. Nbd2 Na5 8. Be2 Bd7
9. O-O Ne7 10. Rb1 Qc7 11. Re1 Nc8 12. Nf1 Nb3 13. Bf4 Ba4 14. N3d2 Nb6 15.
Nxb3 Be7 16. Qc1 cxb3 17. Bg5 Nc4 18. Bxe7 Qxe7 19. Bxc4 dxc4 20. Ne3 Rc8 21.
Ng4 Bc6 22. Qf4 b6 23. Rbd1 Bd5 24. h4 Rd8 25. h5 h6 26. Ne3 Qg5 27. Qh2 g6 28.
f4 Qxh5 29. Qg3 Kd7 30. Rd2 Kc6 31. Ng4 g5 32. Nf6 gxf4 33. Qxf4 Qg6 34. Rf1
Rhf8 35. Rdf2 Kb5 36. a4+ Ka5 37. Qh4 Bc6 38. Qh3 Rc8 39. d5 exd5 40. Nd7 Bxd7
41. Qxd7 a6 42. Qe7 b5 1-0

[Event "4NCL Division Three Bishops"]
[Site "Telford, ENG"]
[Date "2024.01.06"]
[Round "3.63"]
[White "Ethelontis, Alexandros N"]
[Black "Naylor-Eade, Michael A"]
[Result "0-1"]
[WhiteElo "2021"]
[BlackElo "1985"]
[PlyCount "74"]
[EventDate "2024.01.06"]
[WhiteTeam "Barnet Knights B"]
[BlackTeam "Ashfield 1"]

1. c4 Nf6 2. g3 e6 3. Bg2 d5 4. Nf3 c6 5. d4 Bb4+ 6. Nbd2 O-O 7. O-O Nbd7 8.
Qc2 Re8 9. Rd1 Qe7 10. e4 e5 11. exd5 cxd5 12. a3 Bxd2 13. Bxd2 e4 14. Re1 h6
15. b3 Qd8 16. Ne5 Nxe5 17. dxe5 Rxe5 18. Bf4 Re8 19. cxd5 Qxd5 20. h3 Be6 21.
Rab1 Rac8 22. Qb2 Bf5 23. Be3 Qe6 24. g4 Bg6 25. Rbd1 h5 26. g5 Nd5 27. Bd4 Nf4
28. Bxg7 Kh7 29. Re3 Qf5 30. Bf6 Nd3 31. Qd2 Nf4 32. Rde1 Rc6 33. Rxe4 Rxe4 34.
Rxe4 Nxg2 35. Re8 Rxf6 36. gxf6 Nf4 37. Re3 Qg5+ 0-1

[Event "4NCL Division Three Bishops"]
[Site "Telford, ENG"]
[Date "2024.01.06"]
[Round "3.64"]
[White "Truman, Richard G"]
[Black "Kirupakaran, Vishnu"]
[Result "1-0"]
[WhiteElo "1968"]
[BlackElo "1893"]
[PlyCount "41"]
[EventDate "2024.01.06"]
[WhiteTeam "Ashfield 1"]
[BlackTeam "Barnet Knights B"]

1. d4 f5 2. Bg5 h6 3. Bh4 g5 4. e3 Nf6 5. Bg3 Bg7 6. Nd2 e6 7. h4 g4 8. Bd3 d5
9. c3 Qe7 10. Qc2 c5 11. dxc5 Qxc5 12. Ne2 Nc6 13. Nb3 Qe7 14. Nbd4 Ne4 15.
Bxe4 dxe4 16. Nf4 Ne5 17. O-O-O Bd7 18. Qb3 Kf7 19. Nxf5 Qc5 20. Nxg7 Kxg7 21.
Rxd7+ 1-0